000 01059nam a2200325 i 4500
001 000048682
003 DO-SdBNP
005 20251002145428.0
007 ta
008 190408s2016 000 spa d
020 _a9789945167511
040 _aDO-SdBNP
_bspa
_cBNPHU
_erda
041 _aspa
082 4 _aRD861.5
_bS237i
_222
100 1 _aDe los Santos García, Eladio,
_d1973
_eautor
_4aut.
_976125
245 1 0 _aInfarto al penervio :
_btextos mascarnales /
_cEladio de los Santos García
264 1 _aSanto Domingo :
_bEditora Búho,
_c2016.
300 _a99, páginas ;
_c23 cm.
336 _atexto
_btxt
_2rdacontent
337 _asin mediación
_bn
_2rdamedia
338 _avolumen
_bnc
_2rdacarrier
500 _aIncluye datos biográficos del autor en las solapas
500 _aErodio delos labios que Ansían.
590 _aInventariado, 2019/VM
650 4 _aLiteratura erótica dominicana
_976126
650 4 _aPoesía amorosa dominicana
_976127
650 4 _aLiteratura y sexualidad
_976128
910 _aVMateo
942 _2ddc
_cLBS1
999 _c48170
_d48170